Giáo trình phương pháp dạy học Tiếng Việt bậc tiểu học

שמור ב:
מידע ביבליוגרפי
מחבר ראשי: Vũ Khắc Tuân (Chủ biên)
מחברים אחרים: Hoàng Xuân Tâm, Nguyễn Thị Quy
פורמט: ספר
יצא לאור: Tp. HCM Trường CĐSP Tp.HCM 1996
נושאים:
תגים: הוספת תג
אין תגיות, היה/י הראשונ/ה לתייג את הרשומה!
Thư viện lưu trữ: Trung tâm Học liệu Lê Vũ Hùng, Trường Đại học Đồng Tháp
LEADER 01001pam a22002658a 4500
001 00023269
005 20171026081022.0
008 110616s1996 ||||||Viesd
041 0 # |a Vie 
082 1 4 |a 372.6  |b GI108TR 
100 0 # |a Vũ Khắc Tuân  |e Chủ biên 
245 0 0 |a Giáo trình phương pháp dạy học Tiếng Việt bậc tiểu học  |c Vũ Khắc Tuân; Nguyễn Thị Quy, Hoàng Xuân Tâm 
260 # # |a Tp. HCM  |b Trường CĐSP Tp.HCM  |c 1996 
500 # # |a Lưu hành nội bộ 
653 # # |a Phương pháp dạy học 
653 # # |a Tiếng Việt 
653 # # |a Tiểu học 
700 0 # |a Hoàng Xuân Tâm 
700 0 # |a Nguyễn Thị Quy 
852 # # |b Kho giáo trình  |j KGT.0022010 
852 # # |b Kho mượn  |j KGT.0022010 
852 # # |b Kho đọc  |j KD.0007328 
852 # # |j KD.0007328  |j KGT.0022010 
910 0 # |a Phương  |d 16/06/2011 
980 # # |a Trung tâm Học liệu Lê Vũ Hùng, Trường Đại học Đồng Tháp